000 01144cam a2200133 4500500
005 20260329023207.0
041 _afre
042 _adc
100 1 0 _aGoujon, Alexandra
_eauthor
245 0 0 _aLes Démocraties : Institutions, fonctionnement et défis
260 _bArmand Colin,
_c2015.
520 _aCet ouvrage offre un panorama synthétique, inédit en français, des démocraties de par le monde. Après avoir présenté l’histoire et les théories de la démocratie, il fournit des connaissances précises sur le fonctionnement institutionnel et politique des régimes démocratiques. Il explore les défis contemporains auxquels sont confrontées les démocraties occidentales tout comme les démocraties du Sud, et met en lumière les similarités et les contrastes entre les continents et les États. La mondialisation peut laisser penser que les démocraties sont en voie d’homogénéisation mais, comme le révèle cet ouvrage, bien que fondées sur des principes communs, elles resteront inévitablement diverses.
856 4 1 _uhttps://shs.cairn.info/les-democraties--9782200287276?lang=fr&redirect-ssocas=7080
999 _c1925385
_d1925385